Feed flavor and animal nutrition

保存先:
書誌詳細
第一著者: Tribble, Talmadge B.
フォーマット: 図書
言語:Undetermined
出版事項: Chicago Agriaids 1962
主題:
タグ: タグ追加
タグなし, このレコードへの初めてのタグを付けませんか!
Thư viện lưu trữ: Trung tâm Học liệu Trường Đại học Cần Thơ
LEADER 00544nam a2200193Ia 4500
001 CTU_126035
008 210402s9999 xx 000 0 und d
082 |a 636.085 
082 |b T822 
100 |a Tribble, Talmadge B. 
245 0 |a Feed flavor and animal nutrition 
245 0 |c by Talmadge B. Tribble 
260 |a Chicago 
260 |b Agriaids 
260 |c 1962 
650 |a Animal nutrition,Flavor,Feeds 
650 |x Dinh dưỡng vật nuôi 
904 |i Hiếu 
980 |a Trung tâm Học liệu Trường Đại học Cần Thơ